<?xml version="1.0" encoding="UTF-8"?>
<record
    xmlns:xsi="http://www.w3.org/2001/XMLSchema-instance"
    xsi:schemaLocation="http://www.loc.gov/MARC21/slim http://www.loc.gov/standards/marcxml/schema/MARC21slim.xsd"
    xmlns="http://www.loc.gov/MARC21/slim">

  <leader>02981nam a2200445 a 4500</leader>
  <controlfield tag="001">001569762</controlfield>
  <controlfield tag="003">AR-BaBN</controlfield>
  <controlfield tag="005">20260508164526.0</controlfield>
  <controlfield tag="007">ta</controlfield>
  <controlfield tag="008">220823s2016    ag     gr     001 0 spa  </controlfield>
  <datafield tag="020" ind1=" " ind2=" ">
    <subfield code="a">978-950-808-900-7</subfield>
  </datafield>
  <datafield tag="040" ind1=" " ind2=" ">
    <subfield code="a">AR-BaBN</subfield>
    <subfield code="b">spa</subfield>
    <subfield code="c">AR-BaBN</subfield>
    <subfield code="e">aacr</subfield>
  </datafield>
  <datafield tag="080" ind1="1" ind2=" ">
    <subfield code="a">305:37.02</subfield>
    <subfield code="2">2016</subfield>
  </datafield>
  <datafield tag="245" ind1="0" ind2="0">
    <subfield code="a">Educaci&#xF3;n sexual integral con perspectiva de g&#xE9;nero :</subfield>
    <subfield code="b">la lupa de la ESI en el aula /</subfield>
    <subfield code="c">Graciela Morgade (coord) ; colaboraci&#xF3;n de Jesica Baez ... [et al.].</subfield>
  </datafield>
  <datafield tag="260" ind1=" " ind2=" ">
    <subfield code="a">Rosario :</subfield>
    <subfield code="b">Homo Sapiens,</subfield>
    <subfield code="c">2016.</subfield>
  </datafield>
  <datafield tag="300" ind1=" " ind2=" ">
    <subfield code="a">134 p. ;</subfield>
    <subfield code="c">23 cm.</subfield>
  </datafield>
  <datafield tag="490" ind1="1" ind2=" ">
    <subfield code="a">Colecci&#xF3;n La Lupa de la ESI</subfield>
  </datafield>
  <datafield tag="504" ind1=" " ind2=" ">
    <subfield code="a">Incluye notas y referencias bibliogr&#xE1;ficas a pie de p&#xE1;gina.</subfield>
  </datafield>
  <datafield tag="504" ind1=" " ind2=" ">
    <subfield code="a">Bibliograf&#xED;a: p. 131-134.</subfield>
  </datafield>
  <datafield tag="520" ind1="3" ind2=" ">
    <subfield code="a">La Educaci&#xF3;n Sexual Integral (ESI) es uno de los proyectos pedag&#xF3;gicos de mayor vigencia y vitalidad de las &#xFA;ltimas d&#xE9;cadas. Su vigencia se vincula con el sentido que propone para el trabajo en relaci&#xF3;n con los cuerpos y las sexualidades: promover la formaci&#xF3;n de sujetos m&#xE1;s aut&#xF3;nomos y m&#xE1;s felices a partir de la perspectiva de g&#xE9;nero y de derechos humanos. Su vitalidad se apoya en una clave: la articulaci&#xF3;n entre la militancia de los movimientos sociosexuales, la producci&#xF3;n de la academia comprometida y la decisi&#xF3;n desde el estado de darle un lugar significativo en las pol&#xED;ticas educativas. En 2016 enfrentamos el desaf&#xED;o de profundizar este proyecto en cada aula y en cada escuela. La colecci&#xF3;n &#x201C;La lupa de la ESI&#x201D; presenta aportes para las diferentes &#x201C;materias&#x201D; que forman el curr&#xED;culum escolar cl&#xE1;sico, intentando desplegar un an&#xE1;lisis de c&#xF3;mo se modifican los conocimientos de referencia de cada disciplina y tambi&#xE9;n las formas de la ense&#xF1;anza con la mirada de la ESI. Desde la investigaci&#xF3;n pedag&#xF3;gica en clases reales y con profesoras en ejercicio intentamos colaborar en la construcci&#xF3;n de la &#x201C;transversalidad&#x201D; proclamada con frecuencia pero tambi&#xE9;n frecuentemente ausente en las escuela.</subfield>
    <subfield code="c">(Descripci&#xF3;n del editor).</subfield>
  </datafield>
  <datafield tag="650" ind1=" " ind2="4">
    <subfield code="a">Educaci&#xF3;n sexual integral</subfield>
  </datafield>
  <datafield tag="650" ind1=" " ind2="4">
    <subfield code="a">Perspectiva de g&#xE9;nero</subfield>
  </datafield>
  <datafield tag="650" ind1=" " ind2="4">
    <subfield code="a">Rol sexual</subfield>
  </datafield>
  <datafield tag="650" ind1=" " ind2="4">
    <subfield code="a">Identidad de g&#xE9;nero</subfield>
  </datafield>
  <datafield tag="650" ind1=" " ind2="4">
    <subfield code="a">Igualdad de g&#xE9;nero</subfield>
  </datafield>
  <datafield tag="700" ind1="1" ind2=" ">
    <subfield code="a">Baez, Jesica</subfield>
    <subfield code="e">contribuidora</subfield>
  </datafield>
  <datafield tag="700" ind1="1" ind2=" ">
    <subfield code="a">Busca, Marta</subfield>
    <subfield code="e">contribuidora</subfield>
  </datafield>
  <datafield tag="700" ind1="1" ind2=" ">
    <subfield code="a">Fainsod, Paula</subfield>
    <subfield code="e">contribuidora</subfield>
  </datafield>
  <datafield tag="700" ind1="1" ind2=" ">
    <subfield code="a">Gonzalez del Cerro, Catalina</subfield>
    <subfield code="e">contribuidora</subfield>
  </datafield>
  <datafield tag="700" ind1="1" ind2=" ">
    <subfield code="a">Malizia, Andres</subfield>
    <subfield code="e">contribuidor</subfield>
  </datafield>
  <datafield tag="700" ind1="1" ind2=" ">
    <subfield code="a">Morgade, Graciela</subfield>
    <subfield code="e">editora literaria</subfield>
  </datafield>
  <datafield tag="700" ind1="1" ind2=" ">
    <subfield code="a">Ortmann, Cecilia</subfield>
    <subfield code="e">contribuidora</subfield>
  </datafield>
  <datafield tag="700" ind1="1" ind2=" ">
    <subfield code="a">Raele, Graciela</subfield>
    <subfield code="e">contribuidora</subfield>
  </datafield>
  <datafield tag="700" ind1="1" ind2=" ">
    <subfield code="a">D&#xED;az Villa, Gabi</subfield>
    <subfield code="e">contribuidor</subfield>
  </datafield>
  <datafield tag="700" ind1="1" ind2=" ">
    <subfield code="a">Zattara, Susana</subfield>
    <subfield code="e">contribuidora</subfield>
  </datafield>
  <datafield tag="700" ind1="1" ind2=" ">
    <subfield code="a">Melo, M&#xF3;nica</subfield>
    <subfield code="e">contribuidora</subfield>
  </datafield>
  <datafield tag="830" ind1=" " ind2="0">
    <subfield code="a">La Lupa de la ESI (Homo Sapiens)</subfield>
  </datafield>
  <datafield tag="942" ind1=" " ind2=" ">
    <subfield code="2">CDU</subfield>
    <subfield code="c">BK</subfield>
    <subfield code="n">1</subfield>
  </datafield>
  <datafield tag="998" ind1=" " ind2=" ">
    <subfield code="c">1</subfield>
  </datafield>
  <datafield tag="999" ind1=" " ind2=" ">
    <subfield code="c">22223</subfield>
    <subfield code="d">22223</subfield>
  </datafield>
  <datafield tag="952" ind1=" " ind2=" ">
    <subfield code="0">1</subfield>
    <subfield code="1">0</subfield>
    <subfield code="2">udc</subfield>
    <subfield code="4">0</subfield>
    <subfield code="7">0</subfield>
    <subfield code="8">NFIC</subfield>
    <subfield code="a">LPL</subfield>
    <subfield code="b">LPL</subfield>
    <subfield code="c">GEN</subfield>
    <subfield code="d">2026-05-08</subfield>
    <subfield code="l">0</subfield>
    <subfield code="o">37</subfield>
    <subfield code="p">20465</subfield>
    <subfield code="r">2026-05-08 08:57:03</subfield>
    <subfield code="w">2026-05-08</subfield>
    <subfield code="y">BK</subfield>
  </datafield>
</record>
